000 01570cam a2200337 a 4500
005 20160822152137.0
008 100915s2008 ck abdo r 000 0 spa d
020 _a9789588323244 (obra completa)
040 _aCO-BoPUJ
_cCO-BoIAVH
_dCO-BoIAVH
041 0 _aspa
044 _ack
090 _aRE-
_b00064
110 2 _aInstituto Geográfico Agustín Codazzí
245 1 0 _aAtlas básico de Colombia
_cInstituto Geográfico Agustín Codazzi
250 _aSéptima edición
260 _aBogotá, Colombia :
_bInstituto Geográfico Agustín Codazzi,
_c2008.
300 _a1 atlas (2 volúmenes (704 páginas)) :
_bilustraciones, mapas, tablas, fotografías a color ;
_c34 x 24 cm.
500 _aIncluye glosario.
504 _aIncluye referencias bibliográficas: páginas 699-704.
505 0 _gTomo 1.
_tColombia desde el espacio. --
_tAspectos del medio físico biótico. --
_tAspectos ambientales. --
_tAspectos socioculturales. --
_gLa
_tpoblación colombiana. --
_tDesarrollo social. --
_tAspectos económicos. --
_tOrganización urbano regional.
505 0 _gTomo 2.
_tDivisión político administrativa.
650 2 4 _aGeografía física
_zColombia
_vAtlas
650 2 6 _aConservación de la naturaleza
_yColombia
650 2 6 _aCuencas hidrográficas
_yColombia
650 2 6 _aConservación de suelos
_yColombia
650 2 6 _aSuelos
_xclasificación
_yColombia
650 2 6 _aMedio ambiente
_yColombia
651 4 _aColombia
_xGeografía
_vAtlas
651 4 _aColombia
_vMapas
942 _2ddc
_cLIBRO
999 _c18974
_d18974